000
00225 a2200097 4500
001
27498
100
_a
Wilson, R
245
_a
Metallurgy and treatment of tool steels
260
_a
_b
McGraw-Hill
_c
1975
090
_c
18292
_d
18292
942
_a
NUST-CAE
_c
M
_c
9216
999
_c
262571
_d
262571